Women power: Revolution in local governance:A pilot study (Record no. 13444)

MARC details
000 -LEADER
fixed length control field 00471nam a2200169Ia 4500
008 - FIXED-LENGTH DATA ELEMENTS--GENERAL INFORMATION
fixed length control field 230917s9999||||xx |||||||||||||| ||und||
020 ## - ISBN
Price RS1550
040 ## - CATALOGING SOURCE
-- 222454
Original cataloging agency VIVEKANANDA LIBRARY
041 ## - Language
-- English
082 ## - DDC NUMBER
Classification number 352.054 P193W
100 ## - MAIN ENTRY--PERSONAL NAME
Personal name Pani, Niranjan
245 #0 - TITLE STATEMENT
Title Women power: Revolution in local governance:A pilot study
260 ## - PUBLICATION, DISTRIBUTION, ETC. (IMPRINT)
Place of publication, distribution, etc New Delhi
Name of publisher, distributor, etc Kunal Books
Date of publication, distribution, etc 2014
300 ## - PHYSICAL DESCRIPTION
Pages x, 510 p.
500 ## - GENERAL NOTE
General note 1811 09/01/2015 SP5428 14/01/2015 Main Budget
942 ## - ADDED ENTRY ELEMENTS (KOHA)
Koha item type Books
Holdings
Withdrawn status Lost status Damaged status Not for loan Location (home branch) Sublocation or collection (holding branch) Date acquired Koha issues (times borrowed) Koha full call number Accession No. Koha date last seen Koha item type
        VIVEKANANDA LIBRARY VIVEKANANDA LIBRARY 19/02/2015   352.054 P193W 309109 17/09/2023 Books
        VIVEKANANDA LIBRARY VIVEKANANDA LIBRARY 19/02/2015   352.054 P193W 309110 17/09/2023 Books
© Designed and Maintained by Vivekananda Library, MDU Rohtak